<?xml version="1.0" encoding="UTF-8"?>
<collection xmlns="http://www.loc.gov/MARC21/slim">
<record>
  <controlfield tag="001">248343</controlfield>
  <controlfield tag="005">20260201182736.0</controlfield>
  <datafield tag="022" ind1=" " ind2=" ">
    <subfield code="a">2675-8318</subfield>
    <subfield code="l">2675-8318</subfield>
  </datafield>
  <datafield tag="024" ind1="7" ind2=" ">
    <subfield code="2">ZDBID</subfield>
    <subfield code="a">PERI:(DE-600)3069863-7</subfield>
  </datafield>
  <datafield tag="024" ind1="7" ind2=" ">
    <subfield code="2">ZDBPPN</subfield>
    <subfield code="a">ZDPPN:1235579832</subfield>
  </datafield>
  <datafield tag="024" ind1="7" ind2=" ">
    <subfield code="2">EZBID</subfield>
    <subfield code="a">PERI:(DE-606)480502</subfield>
  </datafield>
  <datafield tag="024" ind1="7" ind2=" ">
    <subfield code="2">EZBID</subfield>
    <subfield code="a">PERI:(DE-606)480502</subfield>
  </datafield>
  <datafield tag="024" ind1="7" ind2=" ">
    <subfield code="2">OCLC</subfield>
    <subfield code="a">OCLC:1267329660</subfield>
  </datafield>
  <datafield tag="035" ind1=" " ind2=" ">
    <subfield code="a">PERI:(DE-600)3069863-7</subfield>
  </datafield>
  <datafield tag="040" ind1=" " ind2=" ">
    <subfield code="a">9001</subfield>
    <subfield code="b">ger</subfield>
    <subfield code="c">DE-101</subfield>
    <subfield code="d">JOIN²</subfield>
    <subfield code="e">JOIN² journal identification</subfield>
  </datafield>
  <datafield tag="041" ind1=" " ind2=" ">
    <subfield code="a">por</subfield>
  </datafield>
  <datafield tag="044" ind1=" " ind2=" ">
    <subfield code="c">XD-BR</subfield>
  </datafield>
  <datafield tag="082" ind1=" " ind2=" ">
    <subfield code="2">23sdnb</subfield>
    <subfield code="a">510</subfield>
    <subfield code="q">DE-600</subfield>
  </datafield>
  <datafield tag="082" ind1="7" ind2="4">
    <subfield code="2">23sdnb</subfield>
    <subfield code="a">510</subfield>
    <subfield code="q">DE-600</subfield>
  </datafield>
  <datafield tag="242" ind1="2" ind2="0">
    <subfield code="2">DE-600</subfield>
    <subfield code="a">Intermaths</subfield>
    <subfield code="b">revista de matemática aplicada e interdisciplinar</subfield>
    <subfield code="c">Universidade Estadual do Sudoeste da Bahia (UESB)</subfield>
    <subfield code="y">en</subfield>
  </datafield>
  <datafield tag="242" ind1="2" ind2="0">
    <subfield code="2">DE-600</subfield>
    <subfield code="a">Intermaths</subfield>
    <subfield code="b">revista de matemática aplicada e interdisciplinar</subfield>
    <subfield code="c">Universidade Estadual do Sudoeste da Bahia (UESB)</subfield>
  </datafield>
  <datafield tag="245" ind1=" " ind2=" ">
    <subfield code="2">DE-600</subfield>
    <subfield code="a">Intermaths</subfield>
    <subfield code="b">revista de matemática aplicada e interdisciplinar</subfield>
    <subfield code="c">Universidade Estadual do Sudoeste da Bahia (UESB)</subfield>
    <subfield code="h">online</subfield>
  </datafield>
  <datafield tag="246" ind1="3" ind2=" ">
    <subfield code="2">DE-600</subfield>
    <subfield code="a">Intermaths</subfield>
  </datafield>
  <datafield tag="246" ind1="3" ind2=" ">
    <subfield code="a">Intermaths</subfield>
  </datafield>
  <datafield tag="260" ind1=" " ind2=" ">
    <subfield code="a">Vitória da Conquista</subfield>
    <subfield code="b">Universidade Estadual do Sudoeste da Bahia (UESB)</subfield>
    <subfield code="c">[2020]-</subfield>
  </datafield>
  <datafield tag="260" ind1="7" ind2=" ">
    <subfield code="2">DOAJ</subfield>
    <subfield code="a">Brazil</subfield>
    <subfield code="b">Universidade Estadual do Sudoeste da Bahia (UESB)</subfield>
    <subfield code="d">2021-01-13T13:58:08Z</subfield>
    <subfield code="f">Universidade Estadual do Sudoeste da Bahia (UESB)</subfield>
  </datafield>
  <datafield tag="264" ind1="3" ind2="1">
    <subfield code="a">Vitória da Conquista</subfield>
    <subfield code="b">Universidade Estadual do Sudoeste da Bahia (UESB)</subfield>
    <subfield code="c">[2020]-</subfield>
  </datafield>
  <datafield tag="362" ind1="0" ind2=" ">
    <subfield code="2">DE-600</subfield>
    <subfield code="a">V. 1, n. 1 (2020)-</subfield>
  </datafield>
  <datafield tag="363" ind1="0" ind2="1">
    <subfield code="2">DE-600</subfield>
    <subfield code="8">1.1\x</subfield>
    <subfield code="a">1</subfield>
    <subfield code="b">1</subfield>
    <subfield code="i">2020</subfield>
  </datafield>
  <datafield tag="380" ind1=" " ind2=" ">
    <subfield code="2">marcgt</subfield>
    <subfield code="a">journal</subfield>
  </datafield>
  <datafield tag="500" ind1=" " ind2=" ">
    <subfield code="a">Automatically generated record. (Updated: 2025-11-12)</subfield>
  </datafield>
  <datafield tag="653" ind1="1" ind2="0">
    <subfield code="2">EZB-Subject</subfield>
    <subfield code="a">Mathematics</subfield>
  </datafield>
  <datafield tag="653" ind1="1" ind2="0">
    <subfield code="2">EZB-Keyword</subfield>
    <subfield code="a">Allgemeine Mathematik</subfield>
  </datafield>
  <datafield tag="653" ind1="1" ind2="0">
    <subfield code="2">DOAJ</subfield>
    <subfield code="a">mathematics</subfield>
    <subfield code="d">2021-01-13T13:58:08Z</subfield>
  </datafield>
  <datafield tag="653" ind1="1" ind2="0">
    <subfield code="2">DOAJ</subfield>
    <subfield code="a">biomathematics</subfield>
    <subfield code="d">2021-01-13T13:58:08Z</subfield>
  </datafield>
  <datafield tag="653" ind1="1" ind2="0">
    <subfield code="2">DOAJ</subfield>
    <subfield code="a">mathematics education</subfield>
    <subfield code="d">2021-01-13T13:58:08Z</subfield>
  </datafield>
  <datafield tag="653" ind1="1" ind2="0">
    <subfield code="2">DOAJ</subfield>
    <subfield code="a">engineering</subfield>
    <subfield code="d">2021-01-13T13:58:08Z</subfield>
  </datafield>
  <datafield tag="653" ind1="1" ind2="0">
    <subfield code="2">DOAJ</subfield>
    <subfield code="a">applied mathematics</subfield>
    <subfield code="d">2021-01-13T13:58:08Z</subfield>
  </datafield>
  <datafield tag="653" ind1="1" ind2="0">
    <subfield code="2">DOAJ</subfield>
    <subfield code="a">Science: Mathematics</subfield>
    <subfield code="d">2021-01-13T13:58:08Z</subfield>
  </datafield>
  <datafield tag="856" ind1="4" ind2=" ">
    <subfield code="d">0</subfield>
    <subfield code="u">https://ezb.ur.de/?3069863-7</subfield>
    <subfield code="y">EZB</subfield>
  </datafield>
  <datafield tag="856" ind1="4" ind2=" ">
    <subfield code="d">0</subfield>
    <subfield code="u">https://periodicos2.uesb.br/index.php/intermaths</subfield>
    <subfield code="y">Verlag = kostenfrei</subfield>
  </datafield>
  <datafield tag="856" ind1="4" ind2=" ">
    <subfield code="d">0</subfield>
    <subfield code="u">https://periodicos2.uesb.br/index.php/intermaths/about</subfield>
    <subfield code="y">Scope</subfield>
  </datafield>
  <datafield tag="856" ind1="4" ind2=" ">
    <subfield code="d">0</subfield>
    <subfield code="u">https://periodicos2.uesb.br/index.php/intermaths/about/editorialTeam</subfield>
    <subfield code="y">Editorial board</subfield>
  </datafield>
  <datafield tag="856" ind1="4" ind2=" ">
    <subfield code="d">0</subfield>
    <subfield code="u">https://periodicos2.uesb.br/index.php/intermaths/about/submissions</subfield>
    <subfield code="y">Instructions for Authors</subfield>
  </datafield>
  <datafield tag="880" ind1="1" ind2=" ">
    <subfield code="2">DE-600</subfield>
    <subfield code="a">Intermaths</subfield>
    <subfield code="b">revista de matemática aplicada e interdisciplinar</subfield>
    <subfield code="c">Universidade Estadual do Sudoeste da Bahia (UESB)</subfield>
  </datafield>
  <datafield tag="909" ind1="C" ind2="O">
    <subfield code="o">oai:juser.fz-juelich.de:913695</subfield>
    <subfield code="p">authority:PERI</subfield>
    <subfield code="p">authority</subfield>
  </datafield>
  <datafield tag="915" ind1=" " ind2=" ">
    <subfield code="0">StatID:(DE-HGF)0501</subfield>
    <subfield code="2">StatID</subfield>
    <subfield code="a">DBCoverage</subfield>
    <subfield code="b">DOAJ Seal</subfield>
    <subfield code="d">2021-01-13T13:58:08Z</subfield>
  </datafield>
  <datafield tag="915" ind1=" " ind2=" ">
    <subfield code="0">StatID:(DE-HGF)0500</subfield>
    <subfield code="2">StatID</subfield>
    <subfield code="a">DBCoverage</subfield>
    <subfield code="b">DOAJ</subfield>
    <subfield code="d">2021-01-13T13:58:08Z</subfield>
  </datafield>
  <datafield tag="915" ind1=" " ind2=" ">
    <subfield code="0">StatID:(DE-HGF)0030</subfield>
    <subfield code="2">StatID</subfield>
    <subfield code="a">Peer Review</subfield>
    <subfield code="b">DOAJ : Double anonymous peer review</subfield>
    <subfield code="d">2021-01-13T13:58:08Z</subfield>
  </datafield>
  <datafield tag="915" ind1=" " ind2=" ">
    <subfield code="0">LIC:(DE-HGF)CCBYNV</subfield>
    <subfield code="2">V:(DE-HGF)</subfield>
    <subfield code="a">Creative Commons Attribution CC BY (No Version)</subfield>
    <subfield code="b">DOAJ</subfield>
    <subfield code="d">2021-01-13T13:58:08Z</subfield>
  </datafield>
  <datafield tag="980" ind1=" " ind2=" ">
    <subfield code="a">PERI</subfield>
  </datafield>
  <datafield tag="980" ind1=" " ind2=" ">
    <subfield code="a">AUTHORITY</subfield>
  </datafield>
  <datafield tag="909" ind1="C" ind2="O">
    <subfield code="o">oai:juser.fz-juelich.de:913695</subfield>
  </datafield>
</record>
</collection>